000 00690nam a2200289Ia 4500
005 20260324141547.0
008 008 260324s9999 xx 000 0 eng d
020 _a9780429433399
037 _aEBOOK
040 _aCRL
040 _beng
040 _cCRL
041 _2eng
041 _aeng
084 _qCRL
100 _aAnthony Columbo
_91208646
245 0 _aUnderstanding Mentally Disordered Offenders
245 2 _bA Multi-agency Perspective
260 _bTaylor and Francis
260 _c1997
365 _a
365 _b170
856 _uhttp://www.taylorfrancis.com/books/9780429433399
942 _cEBOOK
999 _c1811876
_d1811876